000
00209nam a22000857a 4500
008
170117b xxu||||| |||| 00| 0 eng d
100
_9
2451
_a
CBSE
245
_a
Social Science-F.A.-X
260
_a
New Delhi
_b
CBSE
_c
2010
999
_c
5510
_d
5510